New Hampshire Colleges - Statistics

General Stats
  • This quiz has been taken 88 times
  • The average score is 8 of 26
Answer Stats
Enrollment Answer % Correct
14,500 University of New Hampshire
95%
5,800 Dartmouth College
84%
11,200 Southern New Hampshire University
70%
6,700 Plymouth State University
68%
5,400 Keene State College
66%
2,300 Franklin Pierce University
50%
3,900 New Hampshire Technical Institute
35%
1,300 Colby-Sawyer College
34%
1,900 Saint Anselm College
34%
2,000 New England College
31%
2,200 Rivier University
31%
3,000 Manchester Community College
26%
1,500 University of New Hampshire, Manchester
22%
1,500 Granite State College
19%
2,200 Nashua Community College
16%
700 Daniel Webster College
15%
2,200 Great Bay Community College
15%
1,200 Lakes Region Community College
15%
100 Thomas More College of Liberal Arts
8%
1,000 White Mountains Community College
8%
1,000 River Valley Community College
7%
300 Hellenic American University
4%
1,200 Antioch University New England
3%
100 Northeast Catholic College
1%
500 New Hampshire Institute of Art
0%
500 University of New Hampshire School of Law
0%
No matching quizzes found
Score Distribution
Percent of People with Each Score
Percentile by Number Answered
Your Score History
You have not taken this quiz